| 000 | 01030nam a22002777a 4500 | ||
|---|---|---|---|
| 003 | CHAP | ||
| 005 | 20220817044541.0 | ||
| 008 | 120914s2012 mx a rs 00010 spa d | ||
| 010 | _a103944 | ||
| 011 | _a104916 | ||
| 035 | _a115606 | ||
| 040 | _cCHAP | ||
| 090 | _aFolleto 18372 | ||
| 110 | 2 | _aInstituto Nacional de Estadística y Geografía. México | |
| 245 | 1 | 0 |
_aEstadísticas a propósito del 27<U+00BA> Congreso Mexicano de la Industria de la Construcción : _bsector de la construccion _c/por Instituto Nacional de Estadística y Geografía |
| 260 |
_aAguascalientes, Ags. : _bINEGI, _c2012 |
||
| 300 |
_a21 p. : _bilus., gráfs. |
||
| 590 |
_aBATCH-UPD _b10 _c20130110 _lUCH01 _h0418 |
||
| 590 |
_aBATCH-UPD _b10 _c20130409 _lUCH01 _h2328 |
||
| 590 |
_aBATCH-UPD _b10 _c20130914 _lUCH01 _h0028 |
||
| 590 |
_aCONVERSION _b10 _c20130109 _lUCH01 _h1357 |
||
| 650 | 1 | 4 |
_aIndustria de la construcción. _957803 |
| 901 | _aBK | ||
| 942 | _cFOLL | ||
| 949 |
_aFolleto 18372 _bBC _cINEGI _d33724002347876 _eINEGI _gDonaciØn _i115606 _sb |
||
| 999 |
_c103944 _d103944 |
||